000 00781nam a2200289Ia 4500
005 20260324124514.0
008 008 260324s9999 xx 000 0 eng d
020 _a9780203834312
037 _aEBOOK
040 _aCRL
040 _beng
040 _cCRL
041 _2eng
041 _aeng
084 _qCRL
100 _aMichael Farrell; Michael Farrell
_91174414
245 4 _aThe Effective Teacher's Guide to Sensory and Physical Impairments
245 0 _bSensory, Orthopaedic, Motor and Health Impairments, and Traumatic Brain Injury
260 _bTaylor and Francis
260 _c2010
365 _a
365 _b205
856 _uhttp://www.taylorfrancis.com/books/9780203834312
942 _cEBOOK
999 _c1768842
_d1768842